[Event "ASIA+EUROPA"]
[Site "http://www.queenalice.com/game.php?id=1154895"]
[Date "2013.2.23"]
[Round "4"]
[White "Chezzdevil"]
[Black "LUKK22"]
[Result "0-1"]
[WhiteElo "2522"]
[BlackElo "2684"]

1. d4 g6 2. c4 Bg7 3. Nc3 d6 4. e4 Nf6 5. f4 O-O 6. Nf3 c5 7. dxc5 Qa5 8. Bd3
Nfd7 9. cxd6 Bxc3+ 10. bxc3 Qxc3+ 11. Qd2 Qxa1 12. dxe7 Re8 13. e5 Nc5 14. O-O
Nc6 15. Ba3 Nb3 16. Rxa1 Nxd2 17. Nxd2 Nxe7 18. Be4 h6 19. Bd6 g5 20. g3 Nc6 0-1

[Event "AUTO-OPEN-2568"]
[Site "http://www.queenalice.com/game.php?id=1189763"]
[Date "2013.6.11"]
[Round "3"]
[White "plexus"]
[Black "Chezzdevil"]
[Result "1-0"]
[WhiteElo "2691"]
[BlackElo "2522"]

1. d4 f5 2. g3 g6 3. Bg2 Nf6 4. c4 Bg7 5. Nf3 O-O 6. O-O d6 7. Nc3 Qe8 8. d5 a5
9. Nd4 Bd7 10. e4 Nxe4 11. Nxe4 fxe4 12. Bxe4 Na6 13. Re1 Qf7 14. Be3 Nc5 15.
Bg2 a4 16. Qd2 Bg4 17. Rac1 Ra6 18. Rc3 Bd7 19. Ra3 Raa8 20. h3 Qf6 21. Re2 Qf7
22. Kh2 Kh8 23. Bh6 Bxh6 24. Qxh6 Rae8 25. Rf3 Qg7 26. Rxf8+ Qxf8 27. Qxf8+ Rxf8
28. Rxe7 Rxf2 29. b4 axb3 30. Nxb3 Nxb3 31. axb3 Bf5 32. Kg1 Rb2 33. g4 Bd3 34.
c5 Rb1+ 35. Kf2 Rb2+ 36. Kf3 Rxb3 37. Rxc7 Bb5+ 38. Kf4 Rb4+ 39. Be4 dxc5 40.
Ke5 Ba4 41. d6 Rd4 42. Rxc5 1-0

[Event "AUTO-OPEN-2568"]
[Site "http://www.queenalice.com/game.php?id=1189764"]
[Date "2013.6.11"]
[Round "3"]
[White "Chezzdevil"]
[Black "plexus"]
[Result "0-1"]
[WhiteElo "2492"]
[BlackElo "2696"]

1. d4 Nf6 2. c4 g6 3. Nc3 d5 4. cxd5 Nxd5 5. e4 Nxc3 6. bxc3 Bg7 7. Bc4 O-O 8.
Ne2 c5 9. O-O Nc6 10. Be3 Bg4 11. f3 Na5 12. Bd3 cxd4 13. cxd4 Be6 14. Rc1 Bxa2
15. Qa4 Bb3 16. Qa3 Rb8 17. Rc3 Be6 18. Ra1 b6 19. Ba6 Bc8 20. Bb5 Bb7 21. Rac1
Rc8 22. Rxc8 Bxc8 23. d5 Bd7 24. Bd3 Re8 25. Bg5 Bf8 26. Qc3 Nb7 27. Be3 e6 28.
dxe6 fxe6 29. Kh1 Qe7 30. Rd1 Bg7 31. e5 Rc8 32. Qd4 Be8 33. Rb1 Qc5 34. Ba6 Rc7
35. Qd3 Qe7 36. Qd4 Na5 37. f4 Bc6 38. Qd3 Bf8 39. Kg1 Bb7 40. Bxb7 Nxb7 41. Ng3
Nc5 42. Qe2 Na4 43. Ne4 Nc3 44. Nxc3 Rxc3 45. Bd4 Rc7 46. h3 Qd7 47. Rd1 Qa4 48.
Be3 Be7 0-1

[Event "AUTO-OPEN-2828"]
[Site "http://www.queenalice.com/game.php?id=1196144"]
[Date "2013.7.1"]
[Round "2"]
[White "Chezzdevil"]
[Black "Jackzapo"]
[Result "0-1"]
[WhiteElo "2507"]
[BlackElo "2108"]

1. d4 d5 2. c4 dxc4 3. Nc3 g6 4. e4 Bg7 5. Be3 Nf6 6. Bxc4 O-O 7. f3 Nbd7 8.
Nge2 c6 9. O-O Qc7 10. Rc1 b5 11. Nxb5 Qd8 12. Nbc3 Nb6 13. Bb3 Rb8 14. Bf4 Ra8
15. Rf2 Bb7 16. Qd2 c5 17. dxc5 Qxd2 18. Bxd2 Rfd8 19. Be3 Nbd7 20. Nd5 Ne5 21.
Nxe7+ Kh8 22. c6 Bc8 23. Nxc8 Rdxc8 24. Rff1 Kg8 25. c7 a5 26. Rfd1 h6 27. Bd5
Nxd5 28. exd5 Kh7 29. d6 Nd7 30. Nd4 Bxd4 31. Rxd4 Kg7 32. Rh4 h5 33. g4 hxg4
34. Bh6+ Kf6 35. Rxg4 Ra6 36. Rd1 Rc6 0-1

[Event "AUTO-OPEN-2828"]
[Site "http://www.queenalice.com/game.php?id=1196145"]
[Date "2013.7.1"]
[Round "2"]
[White "Jackzapo"]
[Black "Chezzdevil"]
[Result "0-1"]
[WhiteElo "2052"]
[BlackElo "2521"]

1. d4 f5 2. c4 Nf6 3. Nc3 g6 4. Nf3 Bg7 5. Bf4 d6 6. e3 c6 7. Bd3 a5 8. O-O O-O
9. Rc1 Nh5 10. Bg3 Nxg3 11. hxg3 e5 12. dxe5 dxe5 13. Bc2 Be6 14. Qe2 e4 15. Ng5
Qxg5 16. b3 Bxc3 0-1

[Event "AUTO-OPEN-4318"]
[Site "http://www.queenalice.com/game.php?id=1773232"]
[Date "2021.10.26"]
[Round "1"]
[White "askasl159"]
[Black "Chezzdevil"]
[Result "0-1"]
[WhiteElo "1679"]
[BlackElo "2419"]

1. e4 e5 2. f4 d5 3. Nf3 exf4 4. exd5 Nf6 5. Nc3 Nxd5 6. h3 Nxc3 7. bxc3 Bd6 8.
Qe2+ Be6 9. d4 O-O 10. c4 Re8 11. Kf2 Nd7 12. Bb2 Nb6 13. c5 Bd5 14. Qd2 Bxf3
15. Kxf3 Qh4 0-1

[Event "AUTO-OPEN-4318"]
[Site "http://www.queenalice.com/game.php?id=1773233"]
[Date "2021.10.26"]
[Round "1"]
[White "Chezzdevil"]
[Black "askasl159"]
[Result "1-0"]
[WhiteElo "2420"]
[BlackElo "1719"]

1. e4 e5 2. d4 exd4 3. Qxd4 Nc6 4. Qe3 g6 5. h4 Bg7 6. h5 gxh5 7. Nc3 Bh6 8. f4
a6 9. Bd2 Nge7 10. O-O-O f5 11. Rxh5 Bg7 12. Nd5 fxe4 13. Qxe4 d6 14. f5 Bxf5
15. Rxf5 Be5 16. Bg5 Qd7 17. Rxe5 1-0

[Event "AUTO-OPEN-4318"]
[Site "http://www.queenalice.com/game.php?id=1773252"]
[Date "2021.10.26"]
[Round "1"]
[White "LMP1989"]
[Black "Chezzdevil"]
[Result "0-1"]
[WhiteElo "2050"]
[BlackElo "2424"]

1. e4 e5 2. Nf3 Nc6 3. Bb5 Bd6 4. O-O a6 5. Be2 Nf6 6. d3 O-O 7. Bg5 h6 8. Bh4
Re8 9. Nc3 Be7 10. Bxf6 Bxf6 11. Nd5 Be7 12. c3 Bc5 13. d4 Ba7 14. b4 exd4 15.
cxd4 Rxe4 16. Bd3 Re8 17. Bc2 d6 18. Qd3 g6 19. Rae1 Be6 20. Ne3 Nxb4 21. Qd2
Nxc2 22. Qxc2 Rc8 23. d5 Bd7 24. Qb2 Bxe3 25. fxe3 Bb5 26. Rf2 Re4 27. Nd2 Re7
28. e4 c6 29. dxc6 bxc6 30. Qd4 c5 31. Qe3 Kg7 32. Qg3 Re5 33. Nf3 Re6 34. h4
Bc6 35. Nd2 Qe7 36. Ref1 Rf8 37. Re1 h5 38. Rfe2 Re8 39. Qd3 Bb5 40. Qc3+ f6 41.
Rf2 Kh7 0-1

[Event "AUTO-OPEN-4318"]
[Site "http://www.queenalice.com/game.php?id=1773253"]
[Date "2021.10.26"]
[Round "1"]
[White "Chezzdevil"]
[Black "LMP1989"]
[Result "1-0"]
[WhiteElo "2421"]
[BlackElo "2042"]

1. e4 c5 2. c3 d5 3. exd5 Qxd5 4. d4 cxd4 5. cxd4 e5 6. Nc3 Bb4 7. Qa4+ Nc6 8.
Qxb4 Nxb4 9. Nxd5 Nxd5 10. Bb5+ Bd7 11. Bxd7+ Kxd7 12. dxe5 Nge7 13. Nf3 h6 14.
Bd2 Rac8 15. O-O Rc2 16. b3 Rhc8 17. Rfd1 Ke8 18. Nd4 R2c5 19. g3 Nc3 20. Bxc3
Rxc3 21. Nb5 1-0

[Event "AUTO-OPEN-4318"]
[Site "http://www.queenalice.com/game.php?id=1773262"]
[Date "2021.10.26"]
[Round "1"]
[White "Tikitaka"]
[Black "Chezzdevil"]
[Result "0-1"]
[WhiteElo "1516"]
[BlackElo "2423"]

1. d4 f5 2. Nf3 g6 3. Bf4 d6 4. e3 Bg7 5. c3 Nf6 6. Nbd2 O-O 7. Bd3 Qe8 8. O-O
Nh5 9. Bg3 e5 10. h3 e4 11. Bc2 Nxg3 12. fxg3 exf3 13. Nxf3 Qxe3+ 14. Kh2 Nd7
15. Re1 Qh6 16. Bb3+ Kh8 17. Qd2 Qxd2 18. Nxd2 Nb6 19. Re7 c6 20. Rae1 Bf6 21.
Rc7 d5 22. Nf3 Nd7 23. Ne5 Nxe5 24. dxe5 Bd8 25. Rxc8 Rxc8 26. e6 Be7 27. Bc2
Kg7 28. h4 Rf6 29. g4 fxg4 0-1

[Event "AUTO-OPEN-4318"]
[Site "http://www.queenalice.com/game.php?id=1773263"]
[Date "2021.10.26"]
[Round "1"]
[White "Chezzdevil"]
[Black "Tikitaka"]
[Result "1-0"]
[WhiteElo "2422"]
[BlackElo "1518"]

1. e4 e6 2. d3 d5 3. c3 c5 4. Nd2 Nc6 5. Ngf3 Qc7 6. Be2 Nf6 7. O-O Bd6 8. h3
Ne5 9. Nxe5 Bxe5 10. d4 cxd4 11. cxd4 Bxd4 12. Qa4+ Bd7 13. Qxd4 O-O 14. e5 Ne8
15. Nb3 Bc6 16. f4 f6 17. Be3 fxe5 18. fxe5 g6 19. Bh6 Ng7 20. Bg4 Bd7 21. Rac1
Rxf1+ 22. Kxf1 Rf8+ 23. Kg1 Qb8 24. Nc5 Bc8 25. Bxg7 Kxg7 26. Nxe6+ Bxe6 27.
Bxe6 Rd8 28. Bxd5 Kf8 29. Rf1+ 1-0

[Event "Let's Play Chess!"]
[Site "http://www.queenalice.com/game.php?id=1782871"]
[Date "2022.2.15"]
[Round "-"]
[White "igor12345"]
[Black "Chezzdevil"]
[Result "0-1"]
[WhiteElo "1990"]
[BlackElo "2425"]

1. e4 e5 2. f4 d5 3. exd5 e4 4. Bc4 Nf6 5. Nc3 Bc5 6. d4 exd3 7. Qxd3 O-O 8. Bd2
Ng4 9. Nh3 Re8+ 10. Ne2 Qh4+ 11. Kd1 Ne3+ 12. Bxe3 Bxe3 13. Ng5 Bxf4 14. Nf3 Qf6
15. Nxf4 Qxf4 16. Re1 Rxe1+ 17. Kxe1 Nd7 18. g3 Qf6 19. Qc3 Qd6 20. Kf2 Nf6 21.
Re1 Bf5 22. Nd2 Rd8 23. h3 Bxh3 24. Bb3 Ng4+ 25. Kf3 Nf6 26. Qe5 Qxe5 27. Rxe5
h6 28. Ne4 Nd7 29. Re7 Kf8 30. Rxd7 Bxd7 31. c4 b6 32. g4 a5 33. Kf4 g5+ 34. Kf3
Ke7 35. Bc2 f5 36. Nf2 Rf8 37. gxf5 Bxf5 38. Bxf5 Rxf5+ 39. Ke3 Rxf2 40. Kxf2 h5
41. b3 Kd6 42. Kf3 b5 43. Ke4 Kc5 44. Kd3 b4 45. Ke4 a4 46. Kf5 h4 47. Kxg5 h3
0-1

[Event "Let's Play Chess!"]
[Site "http://www.queenalice.com/game.php?id=1782872"]
[Date "2022.2.15"]
[Round "-"]
[White "Chezzdevil"]
[Black "igor12345"]
[Result "1-0"]
[WhiteElo "2426"]
[BlackElo "2011"]

1. e4 c5 2. c3 Nc6 3. d4 d6 4. d5 Ne5 5. f4 Ng6 6. Nf3 e6 7. dxe6 fxe6 8. Bc4 a6
9. Ng5 Qe7 10. O-O Nf6 11. Nd2 b5 12. Bb3 h6 13. Nh3 c4 14. Bc2 Qf7 15. Nf3 Bb7
16. e5 Nd5 17. Nd4 Nh4 18. Qg4 Be7 19. Nxe6 Rg8 20. exd6 Bxd6 21. Qxh4 Be7 22.
Qg4 h5 23. Qe2 g6 24. Nhg5 Bxg5 25. Nxg5+ Qe7 26. Re1 Kd7 27. Qd1 Qc5+ 28. Be3
Qd6 29. Be4 Kc7 30. g3 Rae8 31. Nf7 Qe6 32. Bxd5 Bxd5 33. Ne5 Rd8 34. Qd4 Bb7
35. Qc5+ Kb8 36. Rad1 Rd5 37. Rxd5 Qxd5 38. Qxd5 Bxd5 39. Bc5 Kc7 40. Rd1 Be4
41. Rd7+ Kc8 42. Rd6 Rd8 43. Rxd8+ Kxd8 44. Kf2 Bf5 45. Ke3 Kc7 46. Kd4 Bb1 47.
a4 Bc2 48. a5 Bf5 49. Kd5 Bc2 50. Bb6+ Kb7 51. Kd6 Be4 52. Nd7 1-0